| 000 | 00445nam a2200181Ia 4500 | ||
|---|---|---|---|
| 003 | OSt | ||
| 005 | 20230526161902.0 | ||
| 008 | 210423s2002 xx 000 0 und d | ||
| 040 | _cAL | ||
| 041 | _aeng | ||
| 082 |
_a658.3 RAOH _223 |
||
| 100 |
_aRAO (V S P). _975811 |
||
| 245 | _aHuman resource management. | ||
| 260 |
_aNew Delhi _bExcel Books _c2002 |
||
| 365 |
_b250 _cINR |
||
| 906 | _aHuman ; management. ; resource | ||
| 942 |
_2ddc _cBK |
||
| 999 |
_c173435 _d173435 |
||